Determination of AOX content in wastewater and mineral water samples

The aim of the work was to validate the analytical method for determination of adsorbable organically bound halogens (AOX) in wastewater samples. We have determined selectivity, working range, accuracy, precision, and matrix effect. The real wastewater samples were analysed on AOX content We have de...

Teljes leírás

Elmentve itt :
Bibliográfiai részletek
Szerző: Simonič Marjana
Testületi szerző: 29th International Symposium on Analytical and Environmental Problems
Dokumentumtípus: Könyv része
Megjelent: University of Szeged Szeged 2023
Sorozat:Proceedings of the International Symposium on Analytical and Environmental Problems 29
Kulcsszavak:Vízkémia
Tárgyszavak:
Online Access:http://acta.bibl.u-szeged.hu/82460
LEADER 01296naa a2200229 i 4500
001 acta82460
005 20231127130450.0
008 231127s2023 hu o 1|| eng d
020 |a 978-963-306-963-9 
040 |a SZTE Egyetemi Kiadványok Repozitórium  |b hun 
041 |a eng 
100 1 |a Simonič Marjana 
245 1 0 |a Determination of AOX content in wastewater and mineral water samples  |h [elektronikus dokumentum] /  |c  Simonič Marjana 
260 |a University of Szeged  |b Szeged  |c 2023 
300 |a 299-302 
490 0 |a Proceedings of the International Symposium on Analytical and Environmental Problems  |v 29 
520 3 |a The aim of the work was to validate the analytical method for determination of adsorbable organically bound halogens (AOX) in wastewater samples. We have determined selectivity, working range, accuracy, precision, and matrix effect. The real wastewater samples were analysed on AOX content We have developed a useful method for high AOX polluted wastewaters. 
650 4 |a Természettudományok 
650 4 |a Kémiai tudományok 
695 |a Vízkémia 
711 |a 29th International Symposium on Analytical and Environmental Problems  |c Szeged  |d 2023. november 13-14. 
856 4 0 |u http://acta.bibl.u-szeged.hu/82460/1/proceedings_of_isaep_2023_299-302.pdf  |z Dokumentum-elérés